[Event "Elit(Eksjo-Rockaden)"]
[Site "?"]
[Date "2005.??.??"]
[Round "2"]
[White "Engqvist, Thomas"]
[Black "Andersson, Johan"]
[Result "1/2-1/2"]
[WhiteElo "2429"]
[BlackElo "2255"]
[PlyCount "81"]
[EventDate "2005.??.??"]

1. c4 f5 2. Nf3 Nf6 3. g3 d6 4. d4 g6 5. Bg2 Bg7 6. O-O O-O 7. Nc3 Qe8 8. d5
Na6 9. Nd4 Bd7 10. Rb1 c6 11. b3 Nc7 12. dxc6 bxc6 13. Bb2 g5 14. e4 fxe4 15.
Nxe4 Nxe4 16. Bxe4 d5 17. cxd5 cxd5 18. Bg2 e5 19. Nf3 Bg4 20. h3 Bxf3 21. Bxf3
Qf7 22. Bh5 Qe7 23. Rc1 Rad8 24. Rc6 e4 25. Qe2 Bxb2 26. Qxb2 d4 27. Qc2 Nd5
28. Qc4 Qe5 29. Bg4 e3 30. Re6 exf2+ 31. Kh2 Qg7 32. Re2 Kh8 33. Rexf2 Rxf2+
34. Rxf2 Ne3 35. Qd3 Nxg4+ 36. hxg4 Qh6+ 37. Kg2 Qc6+ 38. Qf3 Qe6 39. Re2 Qd6
40. Qd3 Qd5+ 41. Qf3 1/2-1/2

[Event "Elit(Eksjo-Rockaden)"]
[Site "?"]
[Date "2005.??.??"]
[Round "2"]
[White "Krantz, Christopher"]
[Black "Livner, Anders"]
[Result "0-1"]
[WhiteElo "2109"]
[BlackElo "2405"]
[PlyCount "60"]
[EventDate "2005.??.??"]

1. e4 c5 2. Nf3 d6 3. d4 cxd4 4. Nxd4 Nf6 5. Nc3 a6 6. Be3 e5 7. Nb3 Be6 8. f3
Be7 9. Qd2 O-O 10. O-O-O Qc7 11. g4 Rc8 12. g5 Nh5 13. Kb1 Nd7 14. Rg1 b5 15.
Nd5 Bxd5 16. exd5 Nb6 17. Qf2 Nc4 18. Bxc4 bxc4 19. Bb6 Qd7 20. Na5 Nf4 21. Rg4
Qb5 22. Nc6 Nxd5 23. Nxe7+ Nxe7 24. Rxd6 Nf5 25. a4 Qxa4 26. Rd5 Rab8 27. Rxe5
Nd6 28. Bd4 Nb5 29. Rge4 Rd8 30. c3 Nxc3+ 0-1

[Event "Elit(Manhem-SodraSASS)"]
[Site "?"]
[Date "2005.??.??"]
[Round "2"]
[White "Kulaots, Kaido"]
[Black "Akesson, Joel"]
[Result "1-0"]
[WhiteElo "2637"]
[BlackElo "2392"]
[PlyCount "101"]
[EventDate "2005.??.??"]

1. e4 e6 2. d4 d5 3. Nc3 Bb4 4. e5 Ne7 5. a3 Bxc3+ 6. bxc3 c5 7. Qg4 O-O 8. Bd3
f5 9. exf6 Rxf6 10. Bg5 Rf7 11. Qh5 g6 12. Qd1 Nbc6 13. Nf3 Qa5 14. Bd2 c4 15.
Be2 Bd7 16. Ng5 Rf6 17. f4 Raf8 18. O-O Nf5 19. Bf3 Nd8 20. Nh3 Ba4 21. Nf2
R6f7 22. Ng4 Nc6 23. g3 Re7 24. Re1 Kg7 25. Bg2 Rfe8 26. Ne5 Nxe5 27. fxe5 Rf7
28. Rb1 b5 29. Qc1 Kg8 30. Bh3 Ref8 31. Rb4 Qb6 32. Bg5 Ng7 33. Re2 a5 34. Rb1
Qc6 35. Qd2 Nh5 36. Bg4 Ng7 37. Kg2 Ne8 38. h4 Ng7 39. Bf6 Ne8 40. Bd8 Nc7 41.
Bg5 Ne8 42. h5 gxh5 43. Bxh5 Rf5 44. Be7 Ng7 45. Bxf8 Rxf8 46. Bg4 Qe8 47. Qh6
Qf7 48. Rh1 Nf5 49. Qg5+ Kh8 50. Bxf5 Qxf5 51. Qxf5 1-0

[Event "Elit(Manhem-SodraSASS)"]
[Site "?"]
[Date "2005.??.??"]
[Round "2"]
[White "Landgren, Philip"]
[Black "Akesson, Ralf"]
[Result "0-1"]
[WhiteElo "2308"]
[BlackElo "2577"]
[PlyCount "112"]
[EventDate "2005.??.??"]

1. d4 Nf6 2. c4 e6 3. Nf3 b6 4. g3 Ba6 5. b3 d5 6. Bg2 Bb4+ 7. Bd2 Bd6 8. Nc3
O-O 9. cxd5 exd5 10. O-O Nbd7 11. Rc1 Re8 12. Re1 Rc8 13. Bh3 h6 14. Nh4 Bf8
15. Nf5 Kh7 16. Be3 c6 17. Qd2 Ng8 18. Bf4 Ndf6 19. Qc2 g6 20. Nh4 Ra8 21. Nf3
Bc8 22. Bxc8 Rxc8 23. Ne5 Kg7 24. Qd3 Bb4 25. Red1 Re6 26. Na4 Qe8 27. Qa6 Re7
28. Rc2 Nh5 29. Be3 Bd6 30. Rdc1 Rec7 31. Nf3 f5 32. Qd3 Ngf6 33. Kg2 Qe6 34.
Nc3 Ne4 35. Ne5 Nhf6 36. f3 Nxc3 37. Rxc3 Bxe5 38. dxe5 Nd7 39. f4 c5 40. Bf2
Nf8 41. Rd1 d4 42. Rc2 Qd5+ 43. Qf3 Qe4 44. Rcd2 Rd7 45. Rd3 g5 46. h3 Ne6 47.
e3 gxf4 48. exf4 b5 49. Re1 Qxf3+ 50. Rxf3 c4 51. bxc4 bxc4 52. g4 Kg6 53. Ra3
Rc6 54. Kf3 c3 55. Rc1 d3 56. Be3 d2 0-1

[Event "Elit(Manhem-SodraSASS)"]
[Site "?"]
[Date "2005.??.??"]
[Round "2"]
[White "Ornstein, Axel"]
[Black "Schneider, Lars-Ake"]
[Result "1-0"]
[WhiteElo "2425"]
[BlackElo "2359"]
[PlyCount "63"]
[EventDate "2005.??.??"]

1. e4 c5 2. Nf3 Nc6 3. d4 cxd4 4. Nxd4 Nf6 5. Nc3 d6 6. f4 e6 7. Be2 Be7 8. Be3
O-O 9. O-O d5 10. e5 Ne4 11. Nxe4 dxe4 12. Nb5 b6 13. Nd6 f5 14. Qd2 Qc7 15.
Rfd1 Rd8 16. c4 Bd7 17. b4 Be8 18. Rac1 Qb8 19. b5 Bxd6 20. exd6 Ne7 21. a4 Ng6
22. a5 Nf8 23. c5 bxc5 24. Rxc5 Rd7 25. Qd4 Qd8 26. a6 Qa5 27. Qc3 Qxc3 28.
Rxc3 Rad8 29. Rc7 Rxd6 30. Rxd6 Rxd6 31. Rxa7 Nd7 32. Rb7 1-0

[Event "Elit(Manhem-SodraSASS)"]
[Site "?"]
[Date "2005.??.??"]
[Round "2"]
[White "Sagit, Rauan"]
[Black "Furhoff, Johan"]
[Result "1-0"]
[WhiteElo "2348"]
[BlackElo "2401"]
[PlyCount "119"]
[EventDate "2005.??.??"]

1. e4 Nc6 2. d4 d5 3. Nc3 dxe4 4. d5 Ne5 5. Bf4 Ng6 6. Bg3 f5 7. Nh3 e5 8. dxe6
Qxd1+ 9. Rxd1 Bb4 10. Bxc7 Bxe6 11. Ng5 Bxa2 12. Bb5+ Kf8 13. Bd6+ Bxd6 14.
Rxd6 a6 15. Bd7 Ke7 16. Rd2 Nf6 17. Bxf5 Nh4 18. Bh3 Bc4 19. Ngxe4 Rhd8 20. f3
Nh5 21. Bg4 Nf4 22. g3 h5 23. gxh4 hxg4 24. fxg4 b5 25. Kf2 b4 26. Nb1 b3 27.
cxb3 Bxb3 28. Kg3 Nd3 29. Rf1 Be6 30. Ng5 Nc5 31. Re1 Rab8 32. Rxd8 Rxd8 33.
Re5 Rd3+ 34. Kf4 Rd4+ 35. Ke3 Rd3+ 36. Ke2 Rd5 37. Rxd5 Bxd5 38. Nc3 Bc6 39.
Ke3 Bd7 40. h3 Bc6 41. Kd4 Nb3+ 42. Kc4 Nd2+ 43. Kc5 Kd7 44. b4 Bg2 45. Kb6 Bf1
46. Nd5 Nc4+ 47. Kc5 Ne5 48. Ne3 Be2 49. Nf5 Nd3+ 50. Kb6 Nxb4 51. Nxg7 Nd5+
52. Kc5 Nf6 53. Kd4 Ke7 54. h5 Kf8 55. h6 a5 56. Ke5 Nd7+ 57. Kd6 Nf6 58. Ke6
Nxg4 59. hxg4 Bxg4+ 60. Kf6 1-0

[Event "Elit(Manhem-SodraSASS)"]
[Site "?"]
[Date "2005.??.??"]
[Round "2"]
[White "Sjoberg, Mats"]
[Black "Nithander, Victor"]
[Result "1-0"]
[WhiteElo "2393"]
[BlackElo "2317"]
[PlyCount "91"]
[EventDate "2005.??.??"]

1. d4 Nf6 2. c4 g6 3. Nc3 Bg7 4. Nf3 O-O 5. Bg5 d6 6. Qd2 c5 7. d5 e5 8. e4 Na6
9. Be2 Qe8 10. O-O Nh5 11. Nb5 f6 12. Be3 Qe7 13. Ne1 Bd7 14. Nd3 f5 15. exf5
Bxf5 16. Rac1 Nf6 17. f3 b6 18. Nf2 Nc7 19. Nc3 a6 20. g4 Bd7 21. Nce4 Rad8 22.
b4 Bc8 23. a4 a5 24. bxa5 bxa5 25. Qxa5 Na6 26. Rb1 h6 27. Rb6 Rd7 28. Rxa6
Bxa6 29. Qxa6 Nxe4 30. Nxe4 Rfd8 31. Rb1 Ra7 32. Qb5 Rdd7 33. a5 Rab7 34. a6
Rxb5 35. cxb5 Qd8 36. b6 Qb8 37. b7 Rd8 38. Bd2 Kf7 39. Ba5 Rf8 40. Bc7 Qxc7
41. a7 Rb8 42. a8=Q Bf8 43. Qa6 Be7 44. Qc6 Qa5 45. Nxd6+ Kg7 46. Qd7 1-0

[Event "Elit(Manhem-SodraSASS)"]
[Site "?"]
[Date "2005.??.??"]
[Round "2"]
[White "Andersson, Bjorn"]
[Black "Welin, Thomas"]
[Result "1/2-1/2"]
[WhiteElo "2304"]
[BlackElo "2370"]
[PlyCount "51"]
[EventDate "2005.??.??"]

1. e4 c5 2. c3 e6 3. d4 d5 4. e5 Nc6 5. Be3 Nh6 6. Bd3 Qb6 7. Qd2 cxd4 8. cxd4
Ng4 9. Nf3 Nxe3 10. fxe3 Be7 11. Nc3 Bd7 12. O-O O-O 13. Kh1 f6 14. exf6 Bxf6
15. Na4 Qc7 16. Nc5 Rad8 17. Rac1 Bc8 18. b4 Qd6 19. b5 Ne7 20. Qc2 g6 21. Qa4
Qb8 22. Qc2 e5 23. dxe5 Bxe5 24. e4 dxe4 25. Bxe4 Bf6 26. Rfd1 1/2-1/2

[Event "Elit(Manhem-SodraSASS)"]
[Site "?"]
[Date "2005.??.??"]
[Round "2"]
[White "Holmqvist, Gunnar"]
[Black "Moberg, Karl-Johan"]
[Result "0-1"]
[WhiteElo "2275"]
[BlackElo "2304"]
[PlyCount "56"]
[EventDate "2005.??.??"]

1. Nf3 Nf6 2. c4 g6 3. g3 Bg7 4. Bg2 O-O 5. O-O d5 6. cxd5 Nxd5 7. Nc3 Nb6 8.
d3 Nc6 9. Be3 Nb4 10. Qc1 Re8 11. Bh6 Bh8 12. d4 N4d5 13. Ne4 c6 14. Rd1 Nf6
15. Nxf6+ exf6 16. Kf1 Qd5 17. h3 Bf5 18. Nh4 Bxh3 19. f3 Bxg2+ 20. Nxg2 Qh5
21. Kf2 Rad8 22. e4 Qb5 23. Ne3 f5 24. Nxf5 Re6 25. e5 f6 26. Nd6 Rdxd6 27.
exd6 Re2+ 28. Kg1 Qh5 0-1

[Event "Elit(Manhem-SodraSASS)"]
[Site "?"]
[Date "2005.??.??"]
[Round "2"]
[White "Carlhammar, Magnus"]
[Black "Sjodin, Bengt"]
[Result "1-0"]
[WhiteElo "2320"]
[BlackElo "2164"]
[PlyCount "91"]
[EventDate "2005.??.??"]

1. d4 e6 2. c4 f5 3. g3 Nf6 4. Bg2 Be7 5. Nf3 O-O 6. O-O d6 7. Nc3 Qe8 8. b3 c6
9. Bb2 Qh5 10. e3 g5 11. d5 cxd5 12. cxd5 e5 13. Ba3 e4 14. Nd4 Qf7 15. f3 Nxd5
16. Nxd5 Qxd5 17. fxe4 fxe4 18. Rxf8+ Bxf8 19. Qc2 Nd7 20. Bxe4 Qe5 21. Bb2 Nf6
22. Bg2 Bg7 23. Rf1 Qxe3+ 24. Kh1 Ng4 25. Bd5+ Kh8 26. Rf8+ Bxf8 27. Nf5+ Qe5
28. Bxe5+ dxe5 29. h3 Nf6 30. Bc4 Bd7 31. g4 b5 32. Bf1 Rc8 33. Qd2 h6 34. Bg2
Bxf5 35. gxf5 b4 36. Bb7 Re8 37. Bc6 Re7 38. Qxb4 e4 39. Qd4 Kg7 40. Bb5 h5 41.
Qe3 Nh7 42. Bc6 Rc7 43. Bxe4 Ba3 44. f6+ Kh6 45. Bxh7 Rc1+ 46. Kg2 1-0

[Event "Elit(Wasa-Skara)"]
[Site "?"]
[Date "2005.??.??"]
[Round "3"]
[White "Winsnes, Rikard"]
[Black "Lyrberg, Patrik"]
[Result "1-0"]
[WhiteElo "2516"]
[BlackElo "2577"]
[PlyCount "76"]
[EventDate "2005.??.??"]

1. e4 e6 2. d4 d5 3. Nd2 dxe4 4. Nxe4 Bd7 5. Nf3 Bc6 6. Bd3 Nd7 7. O-O Ngf6 8.
Ned2 b6 9. Nc4 Bb7 10. Nce5 Nxe5 11. dxe5 Nd7 12. Qe2 Be7 13. Rd1 c6 14. a4 a5
15. Bf4 g5 16. Bd2 h5 17. Bc3 Kf8 18. Bc4 h4 19. Qd2 Bc8 20. Nd4 Nxe5 21. Qe2
Nxc4 22. Nxe6+ Bxe6 23. Rxd8+ Rxd8 24. Bxh8 Rd2 25. Qh5 Ke8 26. Bc3 Rd8 27. Re1
Kd7 28. Rd1+ Nd6 29. Qe2 Ke8 30. Qa6 Nc8 31. Rxd8+ Bxd8 32. Qb7 Bd7 33. Be5 Be7
34. b3 f6 35. Bc7 Bd8 36. c3 c5 37. Qe4+ Be7 38. Qd5 Bg4 1-0

[Event "Elit(Wasa-Skara)"]
[Site "?"]
[Date "2005.??.??"]
[Round "3"]
[White "von Bahr, Oskar"]
[Black "Gausel, Einar"]
[Result "1/2-1/2"]
[WhiteElo "2382"]
[BlackElo "2580"]
[PlyCount "172"]
[EventDate "2005.??.??"]

1. e4 e6 2. d4 d5 3. Nc3 Nf6 4. Bg5 dxe4 5. Nxe4 Nbd7 6. Nxf6+ Nxf6 7. Nf3 h6
8. Bh4 c5 9. Be2 Be7 10. O-O O-O 11. dxc5 Bxc5 12. Qxd8 Rxd8 13. Rad1 Bd7 14.
Ne5 Be8 15. c3 b5 16. Bf3 Rac8 17. Bb7 Rb8 18. Bf3 Rbc8 19. Bb7 Rxd1 20. Rxd1
Rc7 21. Bf3 Be7 22. Bg3 Rc5 23. h3 a5 24. Kf1 g5 25. Rd4 Kf8 26. Nd3 Rc8 27.
Bb7 Rd8 28. Rxd8 Bxd8 29. Bd6+ Be7 30. Bc7 a4 31. Ke2 Nh5 32. b3 axb3 33. axb3
f6 34. c4 bxc4 35. bxc4 e5 36. c5 Bb5 37. Kd2 Bxd3 38. Kxd3 Bxc5 39. Ke2 Nf4+
40. Kf1 Nd3 41. f3 Nf4 42. Ba5 Ke7 43. Bd2 Ne6 44. g4 Ng7 45. Kg2 h5 46. Kf1 h4
47. Ke2 Ne6 48. Ba8 Bg1 49. Bd5 Bh2 50. Bxe6 Kxe6 51. Kd3 Bf4 52. Ba5 f5 53.
gxf5+ Kxf5 54. Ke2 Bc1 55. Kf2 Bb2 56. Kg2 Bd4 57. Bd2 Bc5 58. Bc1 Be7 59. Bd2
Ke6 60. Be3 Kd5 61. Bd2 Kd4 62. Ba5 Ba3 63. Bd2 Be7 64. Ba5 Ke3 65. Bc7 Kf4 66.
Ba5 Bc5 67. Bd2+ Be3 68. Ba5 Kf5 69. Bd8 Ke6 70. Ba5 Kd5 71. Bd8 Kd4 72. Bb6+
Kd3 73. Bd8 Ke2 74. Be7 Bf4 75. Bf6 Ke3 76. Bd8 Kd3 77. Be7 Be3 78. Bf6 Kd4 79.
Bd8 Kd5 80. Bf6 Ke6 81. Bd8 Kf5 82. Be7 Bb6 83. Bb4 Kf4 84. Be7 Kf5 85. Bb4 Kf4
86. Be7 Kf5 1/2-1/2

[Event "Elit(Wasa-Skara)"]
[Site "?"]
[Date "2005.??.??"]
[Round "3"]
[White "Ziegler, Ari"]
[Black "Hellborg, Teodor"]
[Result "1-0"]
[WhiteElo "2375"]
[BlackElo "2384"]
[PlyCount "129"]
[EventDate "2005.??.??"]

1. d4 Nf6 2. Nf3 e6 3. e3 b6 4. Bd3 Bb7 5. Nbd2 c5 6. O-O cxd4 7. exd4 Be7 8.
c4 O-O 9. b3 Re8 10. Ng5 d6 11. f4 g6 12. Bb2 Nbd7 13. Qe2 Nf8 14. Rae1 Nh5 15.
Qf2 Ng7 16. d5 f5 17. dxe6 Bxg5 18. fxg5 Nfxe6 19. h4 Qc7 20. Nf3 Nc5 21. Bc2
Nd7 22. Nd4 Ne5 23. Nb5 Qc6 24. Qd2 Ng4 25. Bxg7 Kxg7 26. Nxd6 Rxe1 27. Rxe1
Rd8 28. Qc3+ Kg8 29. Nxb7 Qxb7 30. Bd1 Qc7 31. Bxg4 fxg4 32. b4 g3 33. Qf6 Rf8
34. Qe6+ Kg7 35. Qe7+ Rf7 36. Qxc7 Rxc7 37. Rc1 Kf7 38. Kf1 Ke6 39. Ke2 Ke5 40.
Ke3 Rc8 41. a3 Rc7 42. Kd3 Rd7+ 43. Kc3 Rf7 44. Re1+ Kd6 45. Re3 Rf4 46. Rd3+
Kc6 47. b5+ Kc7 48. Rxg3 Rxh4 49. a4 Kb7 50. Rh3 Rg4 51. Rxh7+ Kb8 52. Kb4 Rxg5
53. a5 bxa5+ 54. Kxa5 Rxg2 55. Rg7 Rg5 56. Kb4 Ka8 57. c5 Rg4+ 58. Ka5 Kb8 59.
c6 g5 60. Rg8+ Kc7 61. Ra8 Rg1 62. Rxa7+ Kd6 63. Kb6 g4 64. Rd7+ Ke6 65. Rd8
1-0

[Event "Elit(Wasa-Skara)"]
[Site "?"]
[Date "2005.??.??"]
[Round "3"]
[White "Collett, Peter"]
[Black "Mohammadi, Amir"]
[Result "0-1"]
[WhiteElo "2251"]
[BlackElo "2232"]
[PlyCount "78"]
[EventDate "2005.??.??"]

1. d4 f5 2. c4 Nf6 3. Nc3 e6 4. f3 d5 5. e3 Bd6 6. Bd3 O-O 7. Nge2 b6 8. Qc2 c5
9. Bd2 Nc6 10. a3 cxd4 11. exd4 Ba6 12. cxd5 Bxd3 13. Qxd3 Nxd5 14. f4 Rc8 15.
O-O Qf6 16. Rac1 Rfd8 17. Nxd5 exd5 18. Be3 Na5 19. Rxc8 Rxc8 20. a4 Qe6 21.
Ng3 g6 22. Bd2 Nc4 23. Bc1 Bb4 24. b3 Na5 25. Bb2 Re8 26. Bc1 Nc6 27. Kh1 h5
28. Rd1 Kf7 29. h3 Na5 30. Nf1 Rc8 31. Bb2 Qe4 32. Ne3 Ke6 33. Kg1 Qxf4 34.
Nxd5 Kxd5 35. Qb5+ Ke6 36. Qxb4 Qe3+ 37. Kh1 Rc2 38. Re1 Re2 39. d5+ Kf7 0-1

[Event "Elit(Wasa-Skara)"]
[Site "?"]
[Date "2005.??.??"]
[Round "3"]
[White "Eklund, Lars-Goran"]
[Black "Astrom, Goran"]
[Result "0-1"]
[WhiteElo "2317"]
[BlackElo "2327"]
[PlyCount "148"]
[EventDate "2005.??.??"]

1. Nf3 c5 2. c4 Nf6 3. Nc3 e6 4. g3 b6 5. Bg2 Bb7 6. O-O Be7 7. Re1 Ne4 8. Nxe4
Bxe4 9. d3 Bb7 10. e4 d6 11. d4 cxd4 12. Nxd4 O-O 13. f4 a6 14. Be3 Nd7 15. Rc1
Rc8 16. Bf2 Re8 17. f5 e5 18. Nb3 Rc7 19. Qe2 Qa8 20. Rc3 Rec8 21. Nd2 Bc6 22.
h4 b5 23. b3 b4 24. Rd3 Nc5 25. Rf3 a5 26. g4 a4 27. g5 axb3 28. axb3 Ra7 29.
f6 Bf8 30. fxg7 Bxg7 31. Bh3 Rcc7 32. Rf6 Ra2 33. Rxd6 Nxe4 34. Rd3 Nxf2 35.
Qxf2 e4 36. Rd6 Bf8 37. c5 Bxd6 38. cxd6 Rb7 39. Qd4 Qa7 40. Qxa7 Rbxa7 41.
Nxe4 Bxe4 42. Rxe4 Rd2 43. Rxb4 Ra1+ 44. Bf1 Rb1 45. d7 Rxd7 46. Kf2 Rd2+ 47.
Ke3 Rh2 48. Bc4 Rh3+ 49. Kf4 Rxh4+ 50. Kg3 Rh5 51. Rb7 Rxg5+ 52. Kf4 Rc5 53.
Bxf7+ Kf8 54. Be6 h5 55. Rf7+ Ke8 56. Rh7 Kd8 57. Rd7+ Ke8 58. Rh7 Rf1+ 59. Ke4
Rh1 60. Kf4 Rh4+ 61. Kg3 Rd4 62. Bc4 Kd8 63. Be2 Rc3+ 64. Kf2 h4 65. Rh8+ Ke7
66. Rh7+ Kf6 67. Rh6+ Kg7 68. Rb6 Rd2 69. Rb7+ Kf6 70. Rb6+ Ke7 71. Rb4 h3 72.
Re4+ Kf6 73. Ke1 Rb2 74. Rh4 Re3 0-1

[Event "Elit(Wasa-Skara)"]
[Site "?"]
[Date "2005.??.??"]
[Round "3"]
[White "Nordstrom, Felix"]
[Black "Andersson, Goran"]
[Result "0-1"]
[WhiteElo "2126"]
[BlackElo "2227"]
[PlyCount "118"]
[EventDate "2005.??.??"]

1. d4 Nf6 2. c4 g6 3. Nc3 d5 4. Bf4 Bg7 5. e3 c5 6. dxc5 Qa5 7. Qb3 Ne4 8. Qb5+
Qxb5 9. Nxb5 Na6 10. cxd5 Nexc5 11. Bc4 Bxb2 12. Rd1 O-O 13. Nf3 Bd7 14. O-O
Ne4 15. Rb1 Bg7 16. Bd3 Nec5 17. Bc2 f5 18. Be5 Rfd8 19. Rfd1 Bxb5 20. Rxb5
Rac8 21. h4 Bf6 22. Bf4 b6 23. a4 Nb7 24. Bb3 Nd6 25. Bxd6 exd6 26. Nd4 Bxd4
27. Rxd4 Rc1+ 28. Kh2 Nc5 29. g4 fxg4 30. Rxg4 Nd3 31. Rg1 Rxg1 32. Kxg1 Rf8
33. a5 bxa5 34. Rxa5 Nxf2 35. Rxa7 Ng4 36. Re7 Rf3 37. Bd1 Rxe3 38. Re6 Rxe6
39. dxe6 Ne5 40. Bb3 Kf8 41. Kg2 Ke7 42. Kg3 Kf6 43. h5 Nc6 44. hxg6 hxg6 45.
Kf4 Nd4 46. Ba2 Nxe6+ 47. Ke4 Nc7 48. Bb1 Kg5 49. Kd4 Nb5+ 50. Ke3 Nc3 51. Bd3
Nd5+ 52. Ke4 Ne7 53. Kd4 Kf6 54. Bc2 d5 55. Bd3 Ke6 56. Be2 Nf5+ 57. Kd3 Ke5
58. Bf3 g5 59. Bd1 Kf4 0-1

[Event "Elit(Wasa-Skara)"]
[Site "?"]
[Date "2005.??.??"]
[Round "3"]
[White "Svensson, Sven"]
[Black "Berkell, Peder"]
[Result "1/2-1/2"]
[WhiteElo "2263"]
[BlackElo "2226"]
[PlyCount "77"]
[EventDate "2005.??.??"]

1. d4 Nf6 2. c4 Nc6 3. Nf3 e6 4. Nc3 Bb4 5. Qc2 d6 6. a3 Bxc3+ 7. Qxc3 O-O 8.
Bg5 h6 9. Bh4 Re8 10. e3 e5 11. dxe5 dxe5 12. b4 Bf5 13. Rd1 Qe7 14. Be2 g5 15.
Bg3 Ne4 16. Qb2 h5 17. h3 f6 18. Bh2 Rad8 19. O-O h4 20. Nd2 Nxd2 21. Rxd2 Rxd2
22. Qxd2 Rd8 23. Qc1 Bd3 24. Qb2 Qe6 25. Bxd3 Rxd3 26. Qc2 Qd7 27. f4 gxf4 28.
exf4 Rd2 29. Qg6+ Qg7 30. Qxg7+ Kxg7 31. fxe5 Nxe5 32. Bxe5 fxe5 33. Rf5 Rd4
34. Rxe5 Rxc4 35. Kf2 Kf6 36. Re3 Kf5 37. g3 hxg3+ 38. Kxg3 b6 39. Kf3 1/2-1/2

[Event "Elit(Wasa-Skara)"]
[Site "?"]
[Date "2005.??.??"]
[Round "3"]
[White "Nystrom, Ragnar"]
[Black "Olsson, Simon"]
[Result "1/2-1/2"]
[WhiteElo "1962"]
[BlackElo "1943"]
[PlyCount "48"]
[EventDate "2005.??.??"]

1. d4 d5 2. c4 e6 3. Nc3 Nf6 4. Bg5 Nbd7 5. e3 c6 6. Nf3 Qa5 7. Nd2 Bb4 8. Qc2
O-O 9. Bh4 Re8 10. Nb3 Qc7 11. Bg3 Bd6 12. cxd5 Nxd5 13. Nxd5 exd5 14. Bd3 h6
15. Bxd6 Qxd6 16. O-O Nf6 17. Nd2 Bg4 18. Rfe1 Re7 19. Rab1 Rc8 20. b4 Rec7 21.
h3 Be6 22. Qb2 a6 23. a3 Rd8 24. Qc3 Re8 1/2-1/2

[Event "Elit(Linkoping-LASK)"]
[Site "?"]
[Date "2005.??.??"]
[Round "3"]
[White "Tikkanen, Hans"]
[Black "Bellon Lopez, Juan"]
[Result "1/2-1/2"]
[WhiteElo "2435"]
[BlackElo "2495"]
[PlyCount "77"]
[EventDate "2005.??.??"]

1. d4 Nf6 2. c4 c5 3. d5 b5 4. cxb5 a6 5. b6 e6 6. Nc3 exd5 7. Nxd5 Nxd5 8.
Qxd5 Nc6 9. Nf3 Rb8 10. Ne5 Qf6 11. Nxc6 dxc6 12. Qf3 Be7 13. Qf4 Rxb6 14. g3
Qxf4 15. gxf4 Bf6 16. Bg2 Bxb2 17. Bxb2 Rxb2 18. Bxc6+ Ke7 19. Rg1 Rd8 20. Rxg7
Rdd2 21. Bf3 Be6 22. Rxh7 Rxa2 23. Rc1 Rac2 24. Rxc2 Rxc2 25. Be4 Ra2 26. Rh5
Kd6 27. Rh6 Ke7 28. Rh5 c4 29. Rc5 f5 30. Bxf5 Kd6 31. Re5 Bxf5 32. Rxf5 c3 33.
Kd1 a5 34. Re5 Rd2+ 35. Kc1 a4 36. Ra5 Ra2 37. f5 Rxe2 38. Rxa4 Rxf2 39. Rc4
1/2-1/2

[Event "Elit(Linkoping-LASK)"]
[Site "?"]
[Date "2005.??.??"]
[Round "3"]
[White "Cramling, Pia"]
[Black "Olsson, Linus"]
[Result "1-0"]
[WhiteElo "2588"]
[BlackElo "2439"]
[PlyCount "81"]
[EventDate "2005.??.??"]

1. d4 Nf6 2. Nf3 e6 3. c4 c5 4. d5 d6 5. Nc3 exd5 6. cxd5 g6 7. e4 Bg7 8. h3
O-O 9. Bd3 Nh5 10. O-O Nd7 11. Bg5 Bf6 12. Be3 Re8 13. Qd2 a6 14. a4 Ne5 15.
Be2 Nxf3+ 16. Bxf3 Ng7 17. g4 h5 18. Kg2 Bd7 19. Rh1 Qe7 20. a5 Rab8 21. Na4
Bxa4 22. Rxa4 Qd7 23. Bd1 b5 24. axb6 Rxb6 25. b4 Rxb4 26. Rxb4 cxb4 27. Qxb4
Qe7 28. Bc2 Rc8 29. Bd3 Rc3 30. Rd1 a5 31. Qb5 g5 32. Bd2 Rc5 33. Qb8+ Ne8 34.
Rb1 hxg4 35. hxg4 Bd4 36. e5 Bxe5 37. Rb7 Qf8 38. Bxg5 Kg7 39. Re7 Qh8 40. Rxe5
dxe5 41. Qxe5+ 1-0

[Event "Elit(Linkoping-LASK)"]
[Site "?"]
[Date "2005.??.??"]
[Round "3"]
[White "Niklasson, Christer"]
[Black "Olsson, Conny"]
[Result "1/2-1/2"]
[WhiteElo "2423"]
[BlackElo "2252"]
[PlyCount "49"]
[EventDate "2005.??.??"]

1. d4 Nf6 2. c4 e5 3. dxe5 Ne4 4. Nf3 Nc6 5. Nbd2 Nc5 6. g3 Qe7 7. Bg2 g6 8.
O-O Bg7 9. Nb3 Ne6 10. Qd5 b6 11. Bd2 Bb7 12. Bc3 O-O 13. Qd3 Rad8 14. Qe3 a5
15. a4 Nb4 16. Rfc1 Rfe8 17. Nfd2 Bxg2 18. Kxg2 Nf8 19. Nf3 Nc6 20. c5 Rb8 21.
cxb6 cxb6 22. Nbd2 Nxe5 23. Nxe5 Bxe5 24. Bxe5 Qxe5 25. Qxe5 1/2-1/2

[Event "Elit(Linkoping-LASK)"]
[Site "?"]
[Date "2005.??.??"]
[Round "3"]
[White "Malesevic, Nedeljko"]
[Black "Johnson, Bjorn"]
[Result "1-0"]
[WhiteElo "2335"]
[BlackElo "2277"]
[PlyCount "151"]
[EventDate "2005.??.??"]

1. d4 e6 2. c4 f5 3. Nc3 Nf6 4. g3 d5 5. Bg2 c6 6. Nf3 Bd6 7. O-O O-O 8. Bf4
Bxf4 9. gxf4 b6 10. Ne5 Bb7 11. Qd3 Nfd7 12. b4 Nxe5 13. fxe5 Na6 14. b5 Nc7
15. cxd5 cxd5 16. f4 Qd7 17. a4 a5 18. Rac1 Rfc8 19. Nb1 Ne8 20. Nd2 Rxc1 21.
Rxc1 Rc8 22. Rc3 Rxc3 23. Qxc3 Qe7 24. Nf3 Kf8 25. Ng5 Kg8 26. Bf1 Nc7 27. e3
Ne8 28. Be2 Nc7 29. Bh5 g6 30. Be2 Ne8 31. Kf2 Nc7 32. Ke1 Ne8 33. Kd1 Nc7 34.
Kc2 Ne8 35. Kb2 Nc7 36. Nf3 Ne8 37. Nd2 Kf7 38. Bd1 Qc7 39. Qd3 Qe7 40. Qe2
Qb4+ 41. Bb3 Nc7 42. Nf3 Qe7 43. Ne1 Ne8 44. Nd3 Nc7 45. Qe1 Ne8 46. Bc2 Qc7
47. Qh4 Kf8 48. Nc1 Qe7 49. Qe1 Qc7 50. Nb3 Kf7 51. Bd1 Kf8 52. Be2 Kf7 53. Qd1
Kf8 54. h4 Kf7 55. h5 Kf8 56. Qg1 Kg7 57. Qg5 Bc8 58. Nd2 Qd7 59. Nf3 Kf7 60.
Qh6 Qe7 61. Qxh7+ Ng7 62. Qxg6+ Kg8 63. Bd1 Qe8 64. Qg5 Qxh5 65. Qd8+ Qe8 66.
Qxb6 Bd7 67. Qxa5 Qh5 68. Qd8+ Be8 69. Qh4 Qf7 70. Ng5 Qg6 71. Be2 Kf8 72. a5
Ke7 73. Ne4+ Kd7 74. Nc5+ Kc8 75. b6 Bc6 76. Ba6+ 1-0

[Event "Elit(Linkoping-LASK)"]
[Site "?"]
[Date "2005.??.??"]
[Round "3"]
[White "Lund, Esben"]
[Black "Vujadinovic, Miron"]
[Result "1-0"]
[WhiteElo "2290"]
[BlackElo "2117"]
[PlyCount "157"]
[EventDate "2005.??.??"]

1. d4 Nf6 2. c4 e6 3. Nc3 Bb4 4. e3 d5 5. Nf3 O-O 6. Bd3 b6 7. O-O Nbd7 8. a3
Bxc3 9. bxc3 Bb7 10. a4 dxc4 11. Bxc4 Ne4 12. Qb3 a6 13. Nd2 Nd6 14. Bd3 e5 15.
e4 Re8 16. f3 Qh4 17. Nc4 Re6 18. Ra2 Rd8 19. Raf2 g5 20. Bb2 Nxc4 21. Bxc4 Rf6
22. Ba3 Re8 23. Bd5 c6 24. Bc4 b5 25. axb5 axb5 26. Bd3 Ree6 27. d5 cxd5 28.
exd5 Rb6 29. Be7 Rh6 30. g3 Qa4 31. Qxa4 bxa4 32. c4 Rb3 33. Bc2 Rc3 34. Bxa4
Nb6 35. d6 Nxa4 36. d7 Rd3 37. d8=Q+ Rxd8 38. Bxd8 Rc6 39. Bxg5 Rxc4 40. Rc1
Rxc1+ 41. Bxc1 Nc5 42. Bh6 f6 43. Rc2 Ne6 44. f4 exf4 45. Bxf4 Kf7 46. Kf2 Kg6
47. Ke3 h5 48. Rb2 Bd5 49. Rb5 Bg2 50. Bd6 Bh3 51. Ba3 Bg2 52. Bb2 Bh3 53. Ra5
Bf5 54. Ra1 Bh3 55. Bc3 Bg2 56. Ra2 Bh3 57. Rf2 Bf5 58. Bb2 Ng5 59. Kd4 Ne4 60.
Rf4 Ng5 61. Kd5 Nf7 62. Rf1 Kg5 63. Rf2 Kg6 64. h4 Nh6 65. Kd6 Ng4 66. Rf3 Nh6
67. Ke7 Ng8+ 68. Kf8 Be6 69. Rf4 Bb3 70. Rb4 Ba2 71. Rb6 Bc4 72. Bxf6 Nxf6 73.
Ke7 Kg7 74. Rxf6 Be2 75. Rf5 Bd1 76. Rg5+ Kh7 77. Kf6 Be2 78. Ra5 Bd1 79. Kg5
1-0

[Event "Elit(Linkoping-LASK)"]
[Site "?"]
[Date "2005.??.??"]
[Round "3"]
[White "Klashed, Martin"]
[Black "Nilsson, Sebastian"]
[Result "1/2-1/2"]
[WhiteElo "2098"]
[BlackElo "2263"]
[PlyCount "51"]
[EventDate "2005.??.??"]

1. e4 e6 2. d4 d5 3. Nd2 Be7 4. Ngf3 Nf6 5. e5 Nfd7 6. Bd3 c5 7. c3 Nc6 8. O-O
g5 9. dxc5 g4 10. Nd4 Ndxe5 11. Bb5 Bxc5 12. Re1 Bd7 13. Nxc6 bxc6 14. Rxe5 Qf6
15. Ne4 Qxe5 16. Nxc5 cxb5 17. Be3 Qf5 18. Qd4 f6 19. a4 bxa4 20. Qb4 Bc6 21.
Nb7 Bxb7 22. Qxb7 O-O 23. Bh6 Qg6 24. Bxf8 Rxf8 25. Qxa7 Qc2 26. Qxa4 1/2-1/2

[Event "Elit(Linkoping-LASK)"]
[Site "?"]
[Date "2005.??.??"]
[Round "3"]
[White "Riis, Jens"]
[Black "Fransson, Jorgen"]
[Result "1-0"]
[WhiteElo "2248"]
[BlackElo "2070"]
[PlyCount "81"]
[EventDate "2005.??.??"]

1. d4 f5 2. Bg5 g6 3. Nc3 d5 4. h4 Bg7 5. e3 c6 6. Bd3 Be6 7. Nce2 h6 8. Bf4
Nf6 9. Nf3 Nbd7 10. Ne5 Nxe5 11. Bxe5 Qa5+ 12. c3 O-O 13. Nf4 Bf7 14. Bxf6 Bxf6
15. g4 e6 16. gxf5 gxf5 17. Qf3 Kh8 18. O-O-O Qc7 19. Qg3 Qe7 20. Ng6+ Bxg6 21.
Qxg6 Bg7 22. Rdg1 Rf6 23. Qg3 Rg8 24. f3 c5 25. Qf4 c4 26. Bc2 b5 27. a3 a5 28.
Rg2 b4 29. axb4 axb4 30. Rhg1 Rff8 31. Rg6 b3 32. Bb1 Kh7 33. Qg3 Qf7 34. h5
Ra8 35. e4 Ra1 36. Kd2 Raa8 37. exf5 exf5 38. Bxf5 Kh8 39. Qf4 Qf8 40. Rxg7
Rxg7 41. Qxh6+ 1-0